Regiony według państw - Statystyki

Ogólne statystyki
  • Ten quiz został rozwiązany 82 razy
  • Średni wynik to 23 z 30
Statystyki odpowiedzi
Regiony Państwo % Poprawnych
Pomorskie, Lubuskie Polska
95%
Bawaria, Saksonia Niemcy
93%
Toskania, Emilia-Romania Włochy
93%
Attyka, Macedonia-Tracja Grecja
92%
Aragonia, Katalonia Hiszpania
91%
Oaxaca, Tabasco Meksyk
89%
Nordland, Finnmark Norwegia
89%
Jakucja, Wołgogradzki Rosja
89%
Dniepropietrowski, Charkowski Ukraina
89%
Burgundia, Bretania Francja
88%
Mekka, Al-Kasim Arabia Saudyjska
87%
Salzburg, Burgenland Austria
87%
Shaanxi, Sinciang Chiny
87%
Jämtland, Uppsala Szwecja
83%
Wan, Antalya Turcja
81%
Ziemia Ognista, Salta Argentyna
80%
Phuket, Chiang Mai Tajlandia
77%
Papua, Yogyakarta Indonezja
76%
Zelandia, Fryzja Holandia
75%
Pendżab, Beludżystan Pakistan
73%
Gudźarat, Andhra Pradesh Indie
72%
Parana, Mato Grosso Brazylia
71%
Asuan, Luksor Egipt
71%
Saskatchewan, Manitoba Kanada
65%
Atakama, Valparaíso Chile
63%
KwaZulu-Natal, Prowincja Przylądkowa Wschodnia Republika Południowej Afryki
61%
Jura, Schwyz Szwajcaria
57%
Gifu, Kanagawa Japonia
55%
Sarawak, Penang Malezja
45%
Kaduna, Sokoto Nigeria
24%
Nie znaleziono quizów pasujących do podanych kryteriów
Rozkład punktacji
Procent ludzi z każdym wynikiem
Percentyl według liczby udzielonych odpowiedzi
Twoja historia wyników
Nie rozwiązałeś tego quizu